| 000 | 01568cad a22002415a 4500 | ||
|---|---|---|---|
| 001 | L137403 | ||
| 008 | 070404e20070323xxk f f000 0 eng d | ||
| 035 | _a(Sirsi) u137403 | ||
| 041 | 0 | _aeng | |
| 050 | 0 | 4 | _a711.1 $2 18 |
| 110 | 1 |
_aUnited Kingdom _bDepartment for Communities and Local Government _94939 |
|
| 245 | 0 | 0 |
_aPPS3 update _bcancellation of greenfield and density directions _h[electronic resource] |
| 260 |
_aLondon _bDCLG _c2007 |
||
| 520 | _aFrom 1 April 2007 local planning authorities will be required to have regard to Planning Policy Statement 3: Housing (PPS3) as a material consideration. On the same day the Town and Country Planning (Residential Development on Greenfield Land) (England) Direction 2000 and the Town and Country Planning (Residential Density) (London, South East England, South West England, East of England and Northamptonshire) Direction 2005, are cancelled. Presents directions which give effect to these cancellations. | ||
| 590 | _aKA NTK | ||
| 650 | 2 | 4 | _aPLANNING POLICY STATEMENT 3 |
| 650 | 2 | 4 | _aTOWN AND COUNTRY PLANNING (RESIDENTIAL DEVELOPMENT ON GREENFIELD LAND) (ENGLAND) DIRECTION 2000 |
| 650 | 2 | 4 | _aTOWN AND COUNTRY PLANNING (RESIDENTIAL DENSITY) (LONDON, SOUTH EAST ENGLAND, SOUTH WEST ENGLAND, EAST OF ENGLAND AND NORTHAMPTONSHIRE) DIRECTION 2005 |
| 651 | 4 |
_aEngland _y886- |
|
| 690 | _aENVIRONMENTAL AND LAND CONSULTANCY-PLANNING AND DEVELOPMENT-PLANNING GUIDANCE | ||
| 856 | 4 | 0 |
_uhttps://www.communities.gov.uk/index.asp?id=1508840 _zView the item free of charge at www.communities.gov.uk... |
| 942 | _n0 | ||
| 999 |
_c106769 _d106769 |
||